| 000 | 00952nas a2200253Ia 4500 | ||
|---|---|---|---|
| 001 | R503/87711 | ||
| 003 | IT-RoPAU | ||
| 008 | 151124c99999999xx |||||||||||| ||und|| | ||
| 040 | _aIT-RoPAU | ||
| 040 | _cIT-RoPAU | ||
| 041 | _aITALIANO | ||
| 100 |
_aSeguela Jacques _gCodice Aut. SPICS: 141 |
||
| 210 | _aMARKETING ESPANSIONE | ||
| 222 | _aMarketing Espansione | ||
| 245 |
_aMARKETING ESPANSIONE, N.39 (MAGGIO 1990) _bSeguela: Quando Il Manager E' Una Star |
||
| 250 | _a1a ed. | ||
| 260 |
_aMILANO _bMONDADORI _c1990 |
||
| 501 |
_bPaulus - SPICS - Società San Paolo EM (non-commercial uses only) _cCopyright2015 |
||
| 300 | _a7 p. [17-23] | ||
| 362 | _aN.39 (MAGGIO 1990) | ||
| 500 | _aIn Anteprima Dall'Ultimo Libro "Demain il Sera Trop Star" del Guru Francese il Capitolo Dedicato al Fenomeno del Management Lee Iacocca e All'Americadegli Anni Ottanta. | ||
| 650 |
_aPUBBLICITA' - MARKETING _vPUBBLICAZIONE PERIODICA |
||
| 942 | _cCR | ||
| 999 |
_c200410 _d200410 |
||